[Event "Eastpointe (US Am N/2/33)"]
[Site "?"]
[Date "1994.??.??"]
[Round "?"]
[White "Mahabir, Jagdesh"]
[Black "Kane, Paul"]
[Result "0-1"]
[WhiteElo "1605"]
[BlackElo "1605"]
[PlyCount "84"]
[EventDate "1994.??.??"]

{2/(33)} 1. d4 d5 2. e3 Nf6 3. c3 Bf5 4. Nd2 e6 5. f4 c5 6. Ngf3 cxd4 7. cxd4
Be7 8. Bb5+ Nbd7 9. Ne5 O-O 10. Qa4 Nb6 11. Qd1 a6 12. Bd3 Bxd3 13. Nxd3 Rc8
14. O-O Nc4 15. Nxc4 Rxc4 16. Ne5 Rc8 17. Bd2 Ne4 18. f5 f6 19. Ng4 e5 20. dxe5
fxe5 21. Nxe5 b5 22. Rc1 Bf6 23. Rxc8 Qxc8 24. Ba5 Qc5 25. Qd4 Bxe5 26. Qxc5
Nxc5 27. Bb4 Bd6 28. Rc1 Rc8 29. Bxc5 Bxc5 30. b4 Bxe3+ 31. Kf1 Bxc1 32. Ke1
Ba3 33. Ke2 Rc2+ 34. Kd3 Rxa2 35. Kc3 Rxg2 36. Kb3 d4 37. Kxa3 d3 38. Kb3 Rc2
39. h4 Kf7 40. h5 Kf6 41. h6 g6 42. fxg6 Kxg6 0-1

[Event "Novi (Oct)"]
[Site "?"]
[Date "1994.??.??"]
[Round "?"]
[White "Mahabir, Jagdesh"]
[Black "Iyer, Krishnan"]
[Result "1/2-1/2"]
[WhiteElo "1605"]
[BlackElo "1605"]
[PlyCount "109"]
[EventDate "1994.??.??"]

1. d4 d5 2. e3 Nf6 3. Bd3 g6 4. f4 Bg4 5. Nf3 Bg7 6. h3 Bxf3 7. Qxf3 Nc6 8. Nc3
O-O 9. Bd2 a6 10. O-O-O Nb4 11. Kb1 Nxd3 12. cxd3 Qd7 13. g4 e6 14. h4 h5 15.
gxh5 Nxh5 16. Be1 b6 17. Rg1 c5 18. dxc5 bxc5 19. Rc1 Rfb8 20. b3 c4 21. dxc4
dxc4 22. Kc2 cxb3+ 23. axb3 Rc8 24. Bd2 Qc7 25. Kd1 Kh7 26. Ne4 Qd7 27. Rc5
Rxc5 28. Nxc5 Qb5 29. Qxa8 Qxc5 30. Qxa6 Nxf4 31. Qf1 Qh5+ 32. Kc2 Qf5+ 33. Kc1
Nd3+ 34. Kd1 Qb5 35. Ke2 Ne5+ 36. Kf2 Qxb3 37. h5 Qc2 38. hxg6+ Nxg6 39. Rh1+
Kg8 40. Qe2 Bf6 41. Kg2 Qe4+ 42. Kg1 Nh4 43. Rh3 Qg6+ 44. Kf1 Nf5 45. Qg2 Qxg2+
46. Kxg2 Nh4+ 47. Kf1 Ng6 48. e4 Bg7 49. Rb3 f5 50. Rb8+ Kh7 51. exf5 exf5 52.
Rb7 Kg8 53. Rc7 Nf8 54. Bc3 Bxc3 55. Rxc3 1/2-1/2

[Event "Detroit (MCO/DEU/3a/10)"]
[Site "?"]
[Date "1994.??.??"]
[Round "?"]
[White "Mahabir, Jagdesh"]
[Black "Chisholm, D."]
[Result "1-0"]
[WhiteElo "1605"]
[BlackElo "1605"]
[PlyCount "57"]
[EventDate "1994.??.??"]

1. d4 d5 2. e3 Nf6 3. Bd3 Nc6 4. c3 e6 5. Nd2 Bd6 6. f4 O-O 7. Ngf3 Qe7 8. O-O
h6 9. Ne5 Bd7 10. Ndf3 Ne4 11. Nxd7 Qxd7 12. Ne5 Nxe5 13. fxe5 Be7 14. Qg4 Bg5
15. Bxe4 dxe4 16. Qxe4 c6 17. Rf3 Qd5 18. Qd3 Rad8 19. e4 Qd7 20. Bxg5 hxg5 21.
Qe3 Qe7 22. Raf1 g6 23. Rf6 g4 24. Qg5 Rde8 25. Qxg4 b6 26. R1f3 c5 27. Rh3
cxd4 28. Qh4 Qxf6 29. Qh7# 1-0

[Event "Romulus (RVO/3/32)"]
[Site "?"]
[Date "1994.??.??"]
[Round "?"]
[White "Mahabir, Jagdesh"]
[Black "Card, A."]
[Result "0-1"]
[WhiteElo "1605"]
[BlackElo "1605"]
[PlyCount "66"]
[EventDate "1994.??.??"]

{3/(32)} 1. d4 d5 2. e3 Nf6 3. Bd3 Nc6 4. c3 a6 5. Nd2 e5 6. a3 Bd6 7. f4 exf4
8. exf4 Bxf4 9. Qe2+ Be6 10. c4 O-O 11. Ngf3 dxc4 12. Bxc4 Nxd4 13. Nxd4 Qxd4
14. Bxe6 Rae8 15. Nf3 Qd6 16. Bxf4 Qxf4 17. O-O Rxe6 18. Qd2 Qxd2 19. Nxd2 Re2
20. Rad1 Ng4 21. Rfe1 Rfe8 22. Rxe2 Rxe2 23. Nf3 Rxg2+ 24. Kh1 Rxh2+ 25. Nxh2
Nf2+ 26. Kg1 Nxd1 27. b4 Nb2 28. Ng4 Nc4 29. a4 Nb2 30. b5 Nxa4 31. bxa6 bxa6
32. Kf1 a5 33. Ke2 Nb6 {[Remainder illegible; 0-1, 44?]} 0-1

[Event "Grand Rapids (MI Am/1/18)"]
[Site "?"]
[Date "1994.??.??"]
[Round "?"]
[White "Mahabir, Jagdesh"]
[Black "Brown, Dan"]
[Result "0-1"]
[WhiteElo "1605"]
[BlackElo "1815"]
[PlyCount "120"]
[EventDate "1994.??.??"]

{1/(18)} 1. d4 d5 2. e3 Bf5 3. Bd3 Bxd3 4. cxd3 Nf6 5. Nc3 Nc6 6. f4 e6 7. a3
Be7 8. Nf3 Ng4 9. O-O h5 10. Ne5 Ngxe5 11. fxe5 g6 12. Qf3 O-O 13. Qf2 Bg5 14.
e4 Bxc1 15. Raxc1 dxe4 16. dxe4 Qxd4 17. Qxd4 Nxd4 18. Rcd1 Rad8 19. b4 a6 20.
Rf2 Nb5 21. Rxd8 Rxd8 22. Nxb5 axb5 23. Rc2 c6 24. Kf2 Rd3 25. Ra2 Kf8 26. Ke2
Rb3 27. Kf2 Ke7 28. Ke2 f5 29. Kf2 fxe4 30. h4 e3+ 31. Kf3 Rd3 32. a4 Rd2 33.
Ra3 e2 34. Kf2 bxa4 35. Rxa4 Rb2 36. g3 Kd7 37. Ra8 Rxb4 38. Kxe2 Re4+ 39. Kf3
Rxe5 40. Rg8 b5 41. Rxg6 b4 42. Rg7+ Kd6 43. g4 hxg4+ 44. Kxg4 Re1 45. Rb7 c5
46. Kg5 Rg1+ 47. Kf6 Rf1+ 48. Kg7 e5 49. h5 e4 50. h6 Rh1 51. Ra7 e3 52. Ra2
Kd5 53. h7 b3 54. Re2 Kd4 55. h8=Q Rxh8 56. Kxh8 c4 57. Rb2 Kd3 58. Kg7 e2 59.
Rb1 c3 60. Rxb3 e1=Q 0-1

[Event "Detroit (Class DE/3/6)"]
[Site "?"]
[Date "1994.??.??"]
[Round "?"]
[White "Mahabir, Jagdesh"]
[Black "Barker, Scott"]
[Result "0-1"]
[WhiteElo "1605"]
[BlackElo "1605"]
[PlyCount "60"]
[EventDate "1994.??.??"]

{3/(6)} 1. e4 e5 2. Nf3 Nf6 3. Nc3 Nc6 4. Bc4 Bb4 5. a3 Bxc3 6. dxc3 Nxe4 7.
Qd5 Nd6 8. Nxe5 Nxe5 9. Qxe5+ Qe7 10. Qxe7+ Kxe7 11. O-O Nxc4 12. Re1+ Kf6 13.
g3 d5 14. h4 Ne5 15. Re3 Bf5 16. f4 Nd7 17. Re2 Rhe8 18. Rxe8 Rxe8 19. Kf2 Bxc2
20. Be3 a6 21. Re1 Kf5 22. Kg2 Kg4 23. Re2 Bb3 24. Re1 Nc5 25. Re2 Nd3 26. Kf1
g6 27. Kg1 c6 28. Kf1 Kf3 29. Rg2 Rxe3 30. g4 Re1# 0-1

[Event "Detroit (MOR/1b/8)"]
[Site "?"]
[Date "1994.??.??"]
[Round "?"]
[White "Mahabir, Jagdesh"]
[Black "Bailey, Jason"]
[Result "0-1"]
[WhiteElo "1605"]
[BlackElo "1710"]
[PlyCount "120"]
[EventDate "1994.??.??"]

1. d4 c5 2. c3 cxd4 3. cxd4 Nf6 4. Nc3 e6 5. e4 Bb4 6. Bd3 Nc6 7. Be3 Qa5 8.
Nge2 Ng4 9. Qd2 Nxe3 10. fxe3 Qg5 11. Ng3 d6 12. Qf2 O-O 13. O-O Bd7 14. a3 Ba5
15. Nb5 Qe7 16. b4 Bb6 17. Bb1 Nxb4 18. Nxd6 Qxd6 19. axb4 Qxb4 20. Qc2 Rac8
21. Qd3 Rc3 22. Qd2 Qb3 23. Rf3 e5 24. dxe5 Bg4 25. Ba2 Bxf3 26. Bxb3 Bxe3+ 27.
Qxe3 Rxe3 28. gxf3 Rxb3 29. Rxa7 Rb8 30. Nf5 Rxf3 31. Nd6 b5 32. Nxb5 h6 33.
Kg2 Re3 34. Nd6 Rb2+ 35. Kf1 Ree2 36. Ra8+ Kh7 37. Nc4 Rbc2 38. Ra3 Rxh2 39.
Kg1 Rxc4 40. Kxh2 Rxe4 41. Ra5 f6 42. exf6 gxf6 43. Ra2 Rg4 44. Ra7+ Kg6 45.
Kh3 Rg5 46. Ra6 Rd5 47. Ra3 f5 48. Rg3+ Kh5 49. Rf3 Kg5 50. Rg3+ Kf4 51. Rg6 h5
52. Kh4 Rd1 53. Rg3 Rh1+ 54. Rh3 Rxh3+ 55. Kxh3 Kf3 56. Kh4 Ke2 57. Kg5 h4 58.
Kxh4 f4 59. Kg4 f3 60. Kg3 f2 0-1

[Event "Grand Rapids (MI Am/5/33)"]
[Site "?"]
[Date "1994.??.??"]
[Round "?"]
[White "Mahabir, Jagdesh"]
[Black "Arwashan, N."]
[Result "1-0"]
[WhiteElo "1605"]
[BlackElo "1605"]
[PlyCount "79"]
[EventDate "1994.??.??"]

{5/(33)} 1. d4 d5 2. e3 Nf6 3. Bd3 e6 4. Nd2 c5 5. c3 c4 6. Bc2 Nc6 7. f4 Bd6
8. Ngf3 O-O 9. O-O Ng4 10. Qe2 Re8 11. Ne5 Ncxe5 12. fxe5 f5 13. exd6 Qxd6 14.
g3 e5 15. Bxf5 Bxf5 16. Rxf5 Qg6 17. Rf3 Rf8 18. b3 e4 19. Rxf8+ Rxf8 20. Ba3
Rf2 21. Rf1 Rf5 22. Rxf5 Qxf5 23. bxc4 h5 24. cxd5 Qxd5 25. c4 Qa5 26. Bc5 Qxa2
27. h3 Nf6 28. Qd1 a5 29. Be7 Kf7 30. Bxf6 gxf6 31. Qxh5+ Ke7 32. Nxe4 Qb1+ 33.
Kf2 Qxe4 34. Qc5+ Kd7 35. Qxa5 Qc2+ 36. Kf3 Qxc4 37. Qf5+ Kc7 38. Qc5+ Qxc5 39.
dxc5 b5 40. cxb6+ 1-0

[Event "Detroit (MCO/DEU/4/12)"]
[Site "?"]
[Date "1994.??.??"]
[Round "?"]
[White "Mahabir, Jagdesh"]
[Black "Andreas, L."]
[Result "1/2-1/2"]
[WhiteElo "1605"]
[BlackElo "1605"]
[PlyCount "46"]
[EventDate "1994.??.??"]

{4/(12)} 1. d4 d5 2. e3 Bf5 3. Bd3 e6 4. f4 Nf6 5. Nf3 Ne4 6. Nbd2 Be7 7. c3
Bh4+ 8. g3 Nxg3 9. hxg3 Bxg3+ 10. Ke2 Bxd3+ 11. Kxd3 Qd7 12. Qg1 Qb5+ 13. Kc2
g6 14. Qxg3 Nd7 15. Ng5 Nf6 16. f5 O-O-O 17. Nxf7 Ne4 18. Nxe4 dxe4 19. fxg6
Qd3+ 20. Kb3 Qb5+ 21. Ka3 Qa5+ 22. Kb3 Qb5+ 23. Ka3 Qa5+ 1/2-1/2

[Event "Detroit (Beg/3/1)"]
[Site "?"]
[Date "1994.??.??"]
[Round "?"]
[White "Mack, Do"]
[Black "Rahimzadeh, R."]
[Result "0-1"]
[WhiteElo "1605"]
[BlackElo "1605"]
[PlyCount "56"]
[EventDate "1994.??.??"]

{3/(1)} 1. d4 d5 2. c4 Nf6 3. g3 dxc4 4. Nc3 e6 5. e3 Bb4 6. Bxc4 Nc6 7. Bf1 e5
8. Nf3 Ng4 9. Bc4 e4 10. Ng5 Qxg5 11. Bd2 Qf6 12. Qe2 O-O 13. Nd5 Qd6 14. Bxb4
Nxb4 15. Nxb4 Qxb4+ 16. Kf1 a6 17. a3 Qa5 18. Kg2 Qf5 19. Rhf1 Qf3+ 20. Qxf3
exf3+ 21. Kxf3 Nxh2+ 22. Kg2 Nxf1 23. Rxf1 b5 24. Bd3 Bb7+ 25. Kg1 Rad8 26. Kh2
Rd5 27. Re1 Rh5+ 28. Kg1 Rh1# 0-1

[Event "Detroit (Beg/1/1)"]
[Site "?"]
[Date "1994.??.??"]
[Round "?"]
[White "Mack, Do"]
[Black "Priebe, Raymond"]
[Result "1-0"]
[WhiteElo "1605"]
[BlackElo "1605"]
[PlyCount "107"]
[EventDate "1994.??.??"]

{1/(1)} 1. d4 d5 2. c4 c6 3. g3 Nf6 4. Nc3 Bf5 5. e3 e6 6. Nf3 Nbd7 7. b3 Bb4
8. Bd2 O-O 9. Bg2 Qa5 10. Qc1 Ba3 11. Qd1 Ne4 12. Nb1 Bb4 13. Bxb4 Qxb4+ 14.
Nbd2 Ndf6 15. O-O Bg4 16. Qe1 h6 17. a3 Qc3 18. Rc1 Qb2 19. Ra1 Qc3 20. Qe2
Rad8 21. Ra2 Rd7 22. Nb1 Qa5 23. c5 Nc3 24. Qd2 Nfe4 25. Qe1 Qb5 26. Nxc3 Nxc3
27. Qxc3 f6 28. a4 Qa6 29. Re1 b6 30. a5 b5 31. b4 Qb7 32. a6 Qc8 33. Nd2 Qe8
34. Nb3 Qh5 35. Bf1 e5 36. Na5 Rb8 37. Nxc6 Rc8 38. Na5 Re7 39. c6 Rb8 40. c7
Rc8 41. dxe5 Qxe5 42. Qd3 Be6 43. Qxb5 Rexc7 44. Rea1 Bd7 45. Qe2 Rb8 46. Qd2
Qe4 47. Rb2 Bg4 48. Bd3 Qf3 49. Be2 Qf5 50. Bxg4 Qxg4 51. Qxd5+ Kf8 52. Qd6+
Kf7 53. Qxc7+ Ke6 54. Qxb8 1-0

[Event "Detroit (Beg/4/3)"]
[Site "?"]
[Date "1994.??.??"]
[Round "?"]
[White "Mack, Do"]
[Black "Heim, E."]
[Result "1-0"]
[WhiteElo "1605"]
[BlackElo "1605"]
[PlyCount "115"]
[EventDate "1994.??.??"]

{4/(3)} 1. d4 Nf6 2. c4 g6 3. Nf3 Bg7 4. Nc3 a6 5. g3 O-O 6. b3 d6 7. Bg5 Nbd7
8. Bg2 c5 9. d5 Ng4 10. Bd2 Nde5 11. Nxe5 Bxe5 12. Rc1 Bf5 13. O-O Qd7 14. e4
Bd4 15. Be1 Ne3 16. fxe3 Bxe3+ 17. Kh1 Bxc1 18. Qxc1 Bg4 19. Qh6 e6 20. Nd1
Bxd1 21. Bc3 f6 22. dxe6 Qxe6 23. Bh3 Qxe4+ 24. Kg1 Bf3 25. Be6+ Qxe6 26. Rxf3
Rf7 27. a4 Raf8 28. a5 Qe2 29. Rf2 Qd3 30. Qc1 Qe4 31. Qd1 Qe3 32. Bd2 Qe4 33.
Re2 Qf3 34. Qe1 Qd3 35. Bh6 Qd4+ 36. Kh1 Qg4 37. Re8 Qf3+ 38. Kg1 Qh5 39. Bxf8
Rxf8 40. Qe6+ Kg7 41. Qe7+ Kh6 42. Qxf8+ Kg5 43. Qxd6 Qf3 44. Qd5+ Qf5 45.
Qxf5+ Kxf5 46. Rc8 Ke4 47. Rxc5 Kd4 48. Rc7 Kc3 49. Rxb7 f5 50. Rxh7 Kxb3 51.
c5 Kb4 52. c6 f4 53. gxf4 Kxa5 54. c7 Ka4 55. c8=Q a5 56. Rb7 Ka3 57. Qc3+ Ka4
58. Qb3# 1-0

[Event "Detroit (Class DE/4/8)"]
[Site "?"]
[Date "1994.??.??"]
[Round "?"]
[White "Mack, De"]
[Black "Walker, Anthony"]
[Result "0-1"]
[WhiteElo "1605"]
[BlackElo "1605"]
[PlyCount "82"]
[EventDate "1994.??.??"]

{4/(8)} 1. d4 e6 2. c4 d5 3. Nf3 c5 4. e3 Nc6 5. cxd5 exd5 6. Bb5 Qa5+ 7. Nc3
Bd7 8. Bxc6 Bxc6 9. O-O Nf6 10. Ne5 Qc7 11. Nxc6 Qxc6 12. Re1 Bd6 13. Qa4 Qxa4
14. Nxa4 b6 15. Nc3 O-O 16. dxc5 Bxc5 17. b3 Rfe8 18. Bd2 Rac8 19. Nb5 Ne4 20.
Red1 a6 21. Nc3 Nxd2 22. Rxd2 Bb4 23. Rc2 Rxc3 24. Rxc3 Bxc3 25. Rc1 d4 26.
exd4 Bxd4 27. Kf1 Kf8 28. g3 f5 29. Rc4 Rd8 30. Ke2 Ke7 31. Rc7+ Rd7 32. Rxd7+
Kxd7 33. f3 Kd6 34. Kd3 Bg1 35. h3 Bf2 36. g4 Ke5 37. Kc4 fxg4 38. fxg4 Kf4 39.
a4 a5 40. Kd5 g5 41. Ke6 Kg3 0-1

[Event "Detroit (Class DE/5/11)"]
[Site "?"]
[Date "1994.??.??"]
[Round "?"]
[White "Mack, De"]
[Black "Kielb, M."]
[Result "1-0"]
[WhiteElo "1605"]
[BlackElo "1605"]
[PlyCount "78"]
[EventDate "1994.??.??"]

{5/(11)} 1. d4 Nf6 2. c4 g6 3. Nc3 d5 4. e3 Bg7 5. cxd5 Nxd5 6. Nf3 O-O 7. Be2
Nc6 8. O-O Re8 9. Bc4 Be6 10. Ng5 Nxc3 11. Nxe6 Nxd1 12. Nxd8 Raxd8 13. Rxd1 e5
14. d5 a6 15. e4 b5 16. Bb3 Nd4 17. Be3 Nxb3 18. axb3 Ra8 19. Rdc1 Re7 20. Rc6
a5 21. Bg5 f6 22. Bxf6 Bxf6 23. Rxf6 Rd7 24. Re6 a4 25. Rxe5 c5 26. dxc6 Rd2
27. Rxb5 Rxb2 28. g3 Rc8 29. Rxa4 Rxc6 30. Rc4 Rf6 31. f4 Rd6 32. Rd5 Ra6 33.
Rc1 Rxb3 34. Rd7 Rb8 35. Rcc7 g5 36. Rg7+ Kf8 37. Rxh7 Rb1+ 38. Kg2 Rb2+ 39.
Kh3 Rg6 1-0

[Event "Detroit (Class DE/2/4)"]
[Site "?"]
[Date "1994.??.??"]
[Round "?"]
[White "Mack, De"]
[Black "Belill, Matt"]
[Result "0-1"]
[WhiteElo "1605"]
[BlackElo "1605"]
[PlyCount "76"]
[EventDate "1994.??.??"]

{2/(4)} 1. d4 d5 2. c4 e6 3. Nf3 Nf6 4. Bg5 Be7 5. e3 O-O 6. Bd3 h6 7. Bxf6
Bxf6 8. O-O Nc6 9. cxd5 exd5 10. Qc2 Nb4 11. Qb3 Nxd3 12. Qxd3 Qd6 13. Nbd2 Bd7
14. Rfe1 Rfe8 15. e4 dxe4 16. Nxe4 Qb6 17. Nxf6+ Qxf6 18. Ne5 Bf5 19. Qb5 c6
20. Qxb7 Rab8 21. Qxc6 Re6 22. Qc3 Rd6 23. Rad1 Rc8 24. Qa5 Rc2 25. Qxa7 Rxb2
26. Nc4 Ra6 27. Qe7 Rbxa2 28. Qxf6 Rxf6 29. d5 Bd7 30. Rf1 Bb5 31. d6 Bd7 32.
Nb6 Ra7 33. Rfe1 g6 34. Re7 Rxd6 35. Rxd7 Raxd7 36. Rxd6 Rxd6 37. g3 Rxb6 38.
f3 Rb2 0-1

[Event "Detroit (Class DE/5/13)"]
[Site "?"]
[Date "1994.??.??"]
[Round "?"]
[White "Lyons, R."]
[Black "Lueer, Michael"]
[Result "1-0"]
[WhiteElo "1605"]
[BlackElo "1605"]
[PlyCount "45"]
[EventDate "1994.??.??"]

{5/(13)} 1. e4 g6 2. Nf3 Bg7 3. d4 d6 4. Nc3 Bg4 5. h3 Bxf3 6. Qxf3 Bxd4 7. Bd2
Nf6 8. O-O-O e5 9. Bg5 Nbd7 10. Nd5 O-O 11. Nxf6+ Kg7 12. Nxd7 Qxg5+ 13. Kb1
Rfd8 14. Nxe5 Qxe5 15. c3 Bb6 16. Bc4 c6 17. Qxf7+ Kh6 18. Qxb7 Qxe4+ 19. Bd3
Qxg2 20. Rhg1 Qxh3 21. Rh1 Qh5 22. Rxh5+ Kxh5 23. Qxh7+ 1-0

[Event "Detroit (Class DE/4/14)"]
[Site "?"]
[Date "1994.??.??"]
[Round "?"]
[White "Lyons, R."]
[Black "Holland, K."]
[Result "1-0"]
[WhiteElo "1605"]
[BlackElo "1605"]
[PlyCount "59"]
[EventDate "1994.??.??"]

{4/(14)} 1. e4 c6 2. d4 d5 3. e5 Bf5 4. Nf3 e6 5. c3 Nd7 6. Bd3 Bxd3 7. Qxd3
Be7 8. O-O Nh6 9. Bxh6 gxh6 10. Na3 Qb6 11. c4 O-O 12. c5 Qb4 13. Nc2 Qa5 14.
b4 Qa4 15. Qa3 Qxc2 16. Qa5 b6 17. Qa6 bxc5 18. Qxc6 Nb6 19. a4 cxb4 20. Qxc2
a5 21. Nd2 Rfc8 22. Qd3 Rc3 23. Qe2 Rac8 24. Qd1 Rd3 25. Ra2 b3 26. Rb2 Nxa4
27. Rxb3 Rxd2 28. Qa1 Rxd4 29. Qxd4 Rc4 30. Qa1 {[Remainder illegible; 1-0,
34?]} 1-0

[Event "Grand Rapids (MI Am/2/36)"]
[Site "?"]
[Date "1994.??.??"]
[Round "?"]
[White "Lynch, S."]
[Black "Friedland, J."]
[Result "0-1"]
[WhiteElo "1605"]
[BlackElo "1605"]
[PlyCount "76"]
[EventDate "1994.??.??"]

{2/(36)} 1. e4 e5 2. c4 Nf6 3. d3 Be7 4. Nf3 O-O 5. Be2 Nc6 6. a3 d6 7. h3 Be6
8. Ng5 Bd7 9. Nf3 a6 10. Nbd2 b5 11. b3 Be6 12. Ng5 h6 13. Nxe6 fxe6 14. Nf3
Rb8 15. Rb1 bxc4 16. b4 cxd3 17. Bxd3 a5 18. b5 d5 19. Bc2 Na7 20. exd5 exd5
21. Nxe5 Qd6 22. Qe2 Qc5 23. a4 Rbd8 24. Qd3 Ne4 25. Rf1 Rxf2 26. Be3 Rxf1+ 27.
Kxf1 Qd6 28. Nf3 Rf8 29. Bxa7 Bh4 30. Ke2 Bg3 31. Bg1 Re8 32. Be3 Bf4 33. Kf1
Bxe3 34. Qb3 Ng3+ 35. Ke1 Qe6 36. Kd1 Bf4 37. Qd3 Ne4 38. Bb3 Nf2+ 0-1

[Event "Grand Rapids (MI Am/4/38)"]
[Site "?"]
[Date "1994.??.??"]
[Round "?"]
[White "Lynch, S."]
[Black "Draper, M."]
[Result "1/2-1/2"]
[WhiteElo "1605"]
[BlackElo "1605"]
[PlyCount "104"]
[EventDate "1994.??.??"]

{4/(38)} 1. e4 e5 2. c4 Nf6 3. d3 Bc5 4. h3 d6 5. a3 Be6 6. Nf3 Nc6 7. Nbd2 O-O
8. Nb3 Bb6 9. Be2 Nd4 10. Nbxd4 exd4 11. O-O c6 12. b4 d5 13. c5 Bc7 14. exd5
Qxd5 15. Qc2 Nd7 16. Qd2 f6 17. Qb2 Be5 18. Bd2 Bf5 19. Nh4 g6 20. f4 Bc7 21.
Nxf5 gxf5 22. Qa2 Qxa2 23. Rxa2 Rfe8 24. Bf3 Nf8 25. Kh1 Ng6 26. g3 Re7 27. Re1
Rae8 28. Rxe7 Rxe7 29. Ra1 Kf7 30. Re1 b6 31. Rxe7+ Nxe7 32. cxb6 axb6 33. h4
b5 34. Bc1 Bb6 35. Kh2 Ke6 36. Kg1 Kd6 37. Kf1 Nd5 38. Bxd5 Kxd5 39. Ke2 c5 40.
bxc5 Bxc5 41. Kd2 h5 42. Ke2 Bb6 43. Bd2 Bc5 44. Bc1 b4 45. axb4 Bxb4 46. Bb2
Bc3 47. Ba3 Kc6 48. Be7 Kb5 49. Bxf6 Ka4 50. Be7 Kb3 51. Bc5 Kc2 52. Bb6 Bb2
1/2-1/2

[Event "Flint (MI Ch Spon/4)"]
[Site "?"]
[Date "1994.??.??"]
[Round "?"]
[White "Lusis, G."]
[Black "Bell, J."]
[Result "1-0"]
[WhiteElo "1605"]
[BlackElo "1605"]
[PlyCount "41"]
[EventDate "1994.??.??"]

1. e4 c5 2. Nf3 Nf6 3. Nc3 Nc6 4. d4 e6 5. dxc5 Bxc5 6. Bf4 O-O 7. e5 Ng4 8.
Ne4 Bb4+ 9. c3 Ba5 10. Bg5 Qc7 11. h3 Nf6 12. Bxf6 gxf6 13. Nxf6+ Kg7 14. Nh5+
Kg8 15. Nd4 Nxe5 16. f4 Ng6 17. Qg4 e5 18. Nf6+ Kg7 19. Nf5+ Kh8 20. Qh5 exf4
21. Qxh7# 1-0

[Event "Grand Rapids (MI Am/2/29)"]
[Site "?"]
[Date "1994.??.??"]
[Round "?"]
[White "Lueer, Michael"]
[Black "Worley, Ron"]
[Result "0-1"]
[WhiteElo "1605"]
[BlackElo "1605"]
[PlyCount "100"]
[EventDate "1994.??.??"]

{2/(29)} 1. e4 e5 2. Nf3 Nc6 3. Bb5 a6 4. Bxc6 dxc6 5. Nxe5 Qd4 6. Nf3 Qxe4+ 7.
Qe2 Bf5 8. d3 Qxe2+ 9. Kxe2 O-O-O 10. Ng5 Bg6 11. Re1 Bb4 12. Bd2 Bh5+ 13. Kf1
Bd6 14. g4 Bg6 15. h4 h5 16. gxh5 Rxh5 17. Nf3 Nf6 18. Bg5 Re8 19. Bxf6 Rxe1+
20. Kxe1 gxf6 21. Nbd2 Be5 22. Nc4 b5 23. Ncxe5 fxe5 24. Kd2 e4 25. Nd4 c5 26.
Nc6 Rxh4 27. Ne7+ Kd7 28. Nxg6 fxg6 29. Rg1 exd3 30. cxd3 Rh2 31. Ke3 Rh6 32.
f4 Rh2 33. Rxg6 c6 34. f5 Rxb2 35. Ke4 Re2+ 36. Kf3 Rxa2 37. Rg7+ Ke8 38. f6
Kf8 39. Ke4 b4 40. Ke5 b3 41. Ke6 Rf2 42. Rf7+ Ke8 43. Re7+ Kd8 44. f7 b2 45.
Re8+ Kc7 46. f8=Q Rxf8 47. Rxf8 b1=Q 48. Rf7+ Kb8 49. Kd6 Qxd3+ 50. Kxc6 Qb5+
0-1

[Event "Detroit (Class DE/2/19)"]
[Site "?"]
[Date "1994.??.??"]
[Round "?"]
[White "Lueer, Michael"]
[Black "Walker, Anthony"]
[Result "0-1"]
[WhiteElo "1605"]
[BlackElo "1605"]
[PlyCount "88"]
[EventDate "1994.??.??"]

{2/(19)} 1. d4 e6 2. e4 d5 3. Nc3 Bb4 4. Bd2 Bxc3 5. Bxc3 dxe4 6. Bb5+ Nd7 7.
Bxd7+ Bxd7 8. d5 Qg5 9. dxe6 Bxe6 10. Qd4 Nf6 11. g3 O-O 12. f4 exf3 13. Nxf3
Qd5 14. O-O Qxd4+ 15. Bxd4 Nd5 16. c4 Nb4 17. b3 Nc2 18. Rac1 Nxd4 19. Nxd4 c5
20. Nb5 a6 21. Nc7 Rac8 22. Nxe6 fxe6 23. Rce1 Rc6 24. a3 b5 25. a4 Rxf1+ 26.
Kxf1 bxc4 27. bxc4 Kf7 28. a5 Kf6 29. Kf2 Rd6 30. Ke3 e5 31. Rb1 Ke6 32. Rb6
Rxb6 33. axb6 Kd7 34. Ke4 Kc6 35. Kxe5 Kxb6 36. Ke4 Ka5 37. Kd5 Kb4 38. Ke4
Kxc4 39. Ke3 a5 40. Kd2 Kb3 41. Kc1 c4 42. h4 a4 43. g4 a3 44. Kb1 c3 0-1

[Event "Grand Rapids (MI Am/4/35)"]
[Site "?"]
[Date "1994.??.??"]
[Round "?"]
[White "Lueer, Michael"]
[Black "Repas, B."]
[Result "0-1"]
[WhiteElo "1605"]
[BlackElo "1605"]
[PlyCount "68"]
[EventDate "1994.??.??"]

{4/(35)} 1. e4 c5 2. d3 d6 3. Nf3 Bg4 4. Nbd2 Nc6 5. h3 Bh5 6. g4 Bg6 7. Nb3
Nf6 8. Bg5 h6 9. Bxf6 gxf6 10. Qe2 e5 11. O-O-O Qc7 12. c3 Na5 13. d4 cxd4 14.
Qb5+ Nc6 15. cxd4 a6 16. Qe2 Nxd4+ 17. Qc4 Nxb3+ 18. axb3 Qxc4+ 19. bxc4 Bxe4
20. Bg2 Rc8 21. b3 b5 22. Rhe1 d5 23. Nh4 Ba3+ 24. Kd2 Bxg2 25. Nxg2 Bb4+ 26.
Kd3 bxc4+ 27. Kc2 cxb3+ 28. Kxb3 Bxe1 29. Nxe1 d4 30. h4 O-O 31. g5 fxg5 32.
hxg5 hxg5 33. Nf3 Rc3+ 34. Kb4 Rxf3 0-1

[Event "Detroit (Class DE/4/21)"]
[Site "?"]
[Date "1994.??.??"]
[Round "?"]
[White "Lueer, Michael"]
[Black "Aldrich, Justin"]
[Result "1-0"]
[WhiteElo "1605"]
[BlackElo "1605"]
[PlyCount "89"]
[EventDate "1994.??.??"]

{4/(21)} 1. d4 d5 2. e4 e6 3. Nc3 Bb4 4. Bd2 Qe7 5. Qe2 Nc6 6. exd5 exd5 7.
Nxd5 Qxe2+ 8. Nxe2 Bxd2+ 9. Kxd2 Kd8 10. c3 Be6 11. Nef4 Bxd5 12. Nxd5 Nge7 13.
Bc4 Na5 14. Kd3 Re8 15. Rhe1 c6 16. Nxe7 Rxe7 17. Rxe7 Kxe7 18. b4 Nxc4 19.
Kxc4 Kd6 20. Re1 b5+ 21. Kb3 a5 22. a3 a4+ 23. Kb2 Ra7 24. Kc2 Kd5 25. Kd3 Rd7
26. Re5+ Kd6 27. c4 f6 28. Rf5 Ke6 29. Rc5 bxc4+ 30. Kxc4 Rd6 31. Ra5 g5 32.
Rxa4 Kf5 33. Ra5+ Ke4 34. Kc5 Rxd4 35. Kxc6 Rd2 36. b5 Rxf2 37. b6 Rxg2 38. b7
Rb2 39. Rb5 Rxb5 40. Kxb5 f5 41. b8=Q f4 42. Qe8+ Kf5 43. Kc5 f3 44. Kd4 Kf4
45. Qe4# 1-0

[Event "Detroit (CAO/1/10)"]
[Site "?"]
[Date "1994.??.??"]
[Round "?"]
[White "Luckett, A."]
[Black "Schey, Danny"]
[Result "0-1"]
[WhiteElo "1605"]
[BlackElo "1605"]
[PlyCount "80"]
[EventDate "1994.??.??"]

{1/(10)} 1. Nf3 Nf6 2. e3 d6 3. d4 g6 4. Bd3 Bg7 5. O-O O-O 6. Nc3 Nc6 7. e4 e5
8. d5 Ne7 9. b3 Ne8 10. Bg5 f6 11. Be3 f5 12. Bg5 h6 13. Bh4 f4 14. Bc4 Bg4 15.
b4 g5 16. Qd3 Bxf3 17. Bxg5 hxg5 18. Qxf3 Nf6 19. Qh3 Qd7 20. Qe6+ Qxe6 21.
dxe6 c6 22. Rad1 Rad8 23. b5 Nxe4 24. Nxe4 d5 25. Bb3 dxe4 26. bxc6 bxc6 27.
Rb1 Rd6 28. Bc4 Rd4 29. Rb7 Bf6 30. Bb3 Re8 31. Rxa7 Nd5 32. c3 Rd2 33. Bxd5
cxd5 34. Ra6 d4 35. cxd4 exd4 36. Rb1 e3 37. fxe3 dxe3 38. Ra7 e2 39. Kf2 Bd4+
40. Ke1 Rd1+ 0-1

[Event "Eastpointe (US Am N/1b/13)"]
[Site "?"]
[Date "1994.??.??"]
[Round "?"]
[White "Lubben, Don"]
[Black "Zuniga, Jesus"]
[Result "1-0"]
[WhiteElo "1860"]
[BlackElo "1605"]
[PlyCount "91"]
[EventDate "1994.??.??"]

1. e4 e6 2. d4 d5 3. exd5 exd5 4. Nf3 Nf6 5. Nc3 Bb4 6. Bd3 O-O 7. O-O Re8 8.
Bg5 Bxc3 9. bxc3 b6 10. Re1 Nbd7 11. Ne5 h6 12. Re2 hxg5 13. Nc6 Rxe2 14. Nxd8
Re8 15. Nc6 Bb7 16. Ne5 Nxe5 17. dxe5 Rxe5 18. Qf3 Rae8 19. Rf1 c5 20. c4 R8e7
21. Qd1 d4 22. f3 Bc8 23. h3 Nh5 24. Kh2 Nf4 25. Be4 Bf5 26. g3 Ng6 27. Bxf5
Rxf5 28. c3 Rd7 29. Re1 Re5 30. Rxe5 Nxe5 31. Qe2 Re7 32. f4 gxf4 33. gxf4 Nc6
34. Qf3 dxc3 35. Qxc6 c2 36. Qc8+ Kh7 37. Qf5+ g6 38. Qxc2 Kh6 39. Qd2 Kg7 40.
Kg3 f5 41. Qc3+ Kh6 42. Qf6 Rd7 43. Kh4 Kh7 44. Kg5 Rg7 45. Qf8 a6 46. Qd6 1-0

[Event "Eastpointe (EDO/3/14)"]
[Site "?"]
[Date "1994.??.??"]
[Round "?"]
[White "Lubben, Don"]
[Black "Walquist, Elaine"]
[Result "0-1"]
[WhiteElo "1860"]
[BlackElo "1605"]
[PlyCount "122"]
[EventDate "1994.??.??"]

{3/(14)} 1. e4 d5 2. exd5 Nf6 3. d4 Nxd5 4. c4 Nb6 5. Nf3 Bg4 6. Be2 g6 7. h3
Bf5 8. Nc3 Bg7 9. Bf4 O-O 10. Qd2 c6 11. Bh6 Re8 12. g4 Bc8 13. Bxg7 Kxg7 14.
O-O-O N8d7 15. h4 Nf8 16. h5 Bxg4 17. hxg6 fxg6 18. Qh6+ Kg8 19. Rdg1 Bf5 20.
Ng5 Qxd4 21. Nxh7 Qg7 22. Ng5 Qxh6 23. Rxh6 Kg7 24. Rgh1 Nbd7 25. Nce4 Nf6 26.
Ng3 e6 27. R6h4 Rad8 28. Rd1 Rxd1+ 29. Bxd1 N8h7 30. N5e4 Nxe4 31. Nxe4 Bxe4
32. Rxe4 Ng5 33. Rd4 Re7 34. Kd2 e5 35. Rg4 Kf6 36. Bc2 Rd7+ 37. Ke3 c5 38. f4
exf4+ 39. Rxf4+ Kg7 40. Rg4 Kh6 41. Rf4 Re7+ 42. Kd2 Rf7 43. Rh4+ Kg7 44. Rg4
Nf3+ 45. Ke3 Ne5 46. Re4 Rf5 47. Rh4 Rh5 48. Rf4 Rh2 49. Bb3 Rxb2 50. Ke4 Re2+
51. Kd5 a5 52. Re4 Rxe4 53. Kxe4 Kf6 54. Kf4 g5+ 55. Kg3 a4 56. Bxa4 Nxc4 57.
Bb3 Nb2 58. Bd5 b5 59. a3 c4 60. Bg8 c3 61. Bh7 Nc4 0-1